Capitais mundiais mais próximas do Brasil de A-Z - Statistics

Estatísticas Gerais
  • Esse quiz foi jogado 53 vezes
  • A pontuação média é 10 de 25
Estatísticas das Respostas
Letra Capital % Correto
B Buenos Aires
93%
L Lima
89%
M Montevidéu
89%
A Assunção
87%
C Caracas
87%
Q Quito
83%
G Georgetown
76%
W Washington
70%
H Havana
57%
P Paramaribo
57%
S Sucre
52%
K Kingstown
39%
T Tegucigalpa
28%
Z Zagreb
28%
F Freetown
22%
N Nassau
20%
D Dacar
13%
Y Yamoussoukro
11%
R Roseau
9%
I Islamabad
7%
O Ouagadougou
7%
U Ulan Bator
7%
J Juba
4%
V Valeta
2%
E Escópia
0%
Nenhum quiz correspondente encontrado
Distribuição das Pontuações
Porcentagem de Pessoas com Cada Pontuação
Percentil de Números Respondidos
Sua Pontuação Histórica
Você não jogou esse quiz